| 000 | 00579nam a2200205Ia 4500 | ||
|---|---|---|---|
| 005 | 20250923144639.0 | ||
| 008 | 008 250917s9999 xx 000 0 eng d | ||
| 037 | _aTextual | ||
| 040 |
_aDSWL _beng _cDSWL |
||
| 041 |
_aeng _2eng |
||
| 084 |
_aY:B, J5 _qDSWL |
||
| 100 |
_aLazarsfeld, P.F. _9826965 |
||
| 245 | 0 |
_aMathematical thinking in the social science _cEd. by P.F. Lazarsfeld |
|
| 260 |
_aGlencoe _bGlencoe Free Press _c1955 |
||
| 300 | _a444p. | ||
| 365 |
_aUSD _b10 |
||
| 925 | _g10 | ||
| 942 |
_cTEXL _hY:B, J5 |
||
| 999 |
_c1441584 _d1441584 |
||